LEADER 00999nam0-22002891i-450- 001 990006409960403321 005 20050726131037.0 035 $a000640996 035 $aFED01000640996 035 $a(Aleph)000640996FED01 035 $a000640996 100 $a20000608d1995----km-y0itay50------ba 101 0 $aita 200 1 $a<>TEMPLARI$eUna vita tra riti cavallereschi e fedeltà alla Chiesa Atti del I Convegno "I Templari e San Bernardo di Chiaravalle" Certosa di Firenze 23-24 ottobre 1992$fa cura di Goffredo Viti 205 $a1 ed. 210 $aCertosa di Firenze$d1995 215 $a348 p.$d24 cm 314 $aIn testa al front.: Precettoria Toscana dei "Templari di San Bernardo". Monaci Cistercensi Certosa di Firenze 676 $a271.7913$v21$zita 702 1$aViti,$bGoffredo 801 0$aIT$bUNINA$gRICA$2UNIMARC 901 $aBK 912 $a990006409960403321 952 $a271.791 VIT 1$bBIBL.33360$fFLFBC 959 $aFLFBC 996 $aTEMPLARI$9660738 997 $aUNINA LEADER 01046cam0-2200373---450- 001 990006399950403321 005 20101117134609.0 010 $a88-02-05196-8 035 $a000639995 035 $aFED01000639995 035 $a(Aleph)000639995FED01 035 $a000639995 100 $a20000112d1997----km-y0itay50------ba 101 2 $aita$clat 102 $aIT 105 $a--------001gy 200 1 $aBaldus$fdi Teofilo Folengo$ga cura di Mario Chiesa 210 $aTorino$cUTET$d1997 215 $a2 v.$d24 cm 225 1 $aClassici italiani 327 1 $a1: Libri I-XII$a2: Libri XIII-XXV 676 $a871.04$v20$zit 700 1$aFolengo,$bTeofilo$f$0330547 702 1$aChiesa,$bMario 801 0$aIT$bUNINA$gRICA$2UNIMARC 901 $aBK 912 $a990006399950403321 952 $a851.3 FOLE 4(2;1)$bBibl.26841$fFLFBC 952 $a851.3 FOLE 4(2;2)$bBibl.26841$fFLFBC 952 $aXIX F 6 (79, 1-2)$b37281*$fFGBC 959 $aFLFBC 959 $aFGBC 996 $aBaldus$9157601 997 $aUNINA